000
00246nam a2200097Ia 4500
001
777089
005
20250826165900.0
008
250824s9999 xx 000 0 und d
245
0
_a
BİR SES BÖLER GECEYİ
_c
AHMET ÜMİT
260
_b
EVEREST YAYINLARI
999
_c
777089
_d
777089